000 00364nam a2200121Ia 4500
008 220204s9999 xx 000 0 und d
082 _a663.353.4
_bMAC
100 _aMacfarlane, D L
245 0 _aInvestment in oil palm plantations in Nigeria: A financial and economic appraisal
260 _aNigeria
_bUniv of Nigeria
_c1965
700 _aOworen, M A
942 _cBK
999 _c20734
_d20734